000 00758nam a2200253 a 4500
001 72094
003 BD-RjUL
005 20211209082218.0
008 170513s1927 enka 001 0 eng
035 _a(BD-RjUL)72310
040 _aDLC/ICU
_cICU
_dBD-RjUL
_beng
041 _aeng
082 _223
_a541.224
_bSIE 1927
100 1 _aSidgwick, Nevil Vincent,
_d1873-1952.
_9117221
245 1 4 _aThe electronic theory of valency /
_cby Nevil Vincent Sidgwick
260 _aOxford :
_bThe Clarendon press,
_c1927.
300 _axi, 310 p. :
_bill. ;
_c25 cm.
500 _aIncludes index
650 0 _aValence (Theoretical chemistry)
_9159808
650 0 _aElectrons.
_9163105
650 0 _aAtomic theory.
_9200627
942 _2ddc
_cBK
999 _c72094
_d72094